LEADER 01603nam a22003374i 4500 001 991001855569707536 008 121016s2011 riua b 100 0 eng d 020 $a9780821849590 035 $ab14081532-39ule_inst 040 $aDip.to Matematica e Fisica$beng 082 00$a512.44$223 084 $aAMS 13C40 084 $aAMS 13D02 084 $aLC QA182.5.P36 111 2 $aPan-American Advanced Studies Institute$d<2009 :$cUniversidade Federal de Pernambuco>$0477635 245 10$aCommutative algebra and its connections to geometry :$bPan-American Advanced Studies Institute, August 3--14, 2009, Universidade Federal de Pernambuco, Olinda, Brazil /$cAlberto Corso, Claudia Polini, editors 260 $aProvidence, R. I. :$bAmerican Mathematical Society,$cc2011 300 $axvi, 215 p. :$bill. ;$c26 cm 440 0$aContemporary mathematics,$x0271-4132 ;$v555 504 $aIncludes bibliographical references 650 0$aCombinatorial group theory$vCongresses 650 0$aAlgebra, Homological$vCongresses 650 0$aGeometry, Algebraic$vCongresses 700 1 $aCorso, Alberto$eauthor$4http://id.loc.gov/vocabulary/relators/aut$0732212 700 1 $aPolini, Claudia$eauthor$4http://id.loc.gov/vocabulary/relators/aut$0282889 907 $a.b14081532$b13-11-12$c16-10-12 912 $a991001855569707536 945 $aLE013 13C COR11 (2011)$g1$i2013000217222$lle013$op$pE78.00$q-$rl$s- $t0$u1$v0$w1$x0$y.i15455737$z09-11-12 996 $aCommutative algebra and its connections to geometry$91442584 997 $aUNISALENTO 998 $ale013$b16-10-12$cm$da $e-$feng$griu$h0$i0 LEADER 01833nam a2200409 i 4500 001 991000787479707536 005 20020507173603.0 008 970224s1994 us ||| | eng 020 $a0471584940 (v.2) 020 $a0471584959 (v.1) 035 $ab10757272-39ule_inst 035 $aLE01302323$9ExL 040 $aDip.to Matematica$beng 082 0 $a519.2 084 $aAMS 60E 084 $aAMS 62E 084 $aLC QA273.6.J6 100 1 $aJohnson, Norman Lloyd$012699 245 10$aContinuous univariate distributions /$cNorman L. Johnson, Samuel Kotz, N. Balakrishnan 250 $a2nd ed. 260 $aNew York :$bJ. Wiley & Sons,$cc1994-1995 300 $a2 v. ;$c25 cm 490 0 $aWiley series in probability and mathematical statistics.$pApplied probability and statistics,$x0271-6356 500 $a"A Wiley-Interscience publication" 500 $aIncludes bibliographical references and index 650 0$aDistribution theory 700 1 $aBalakrishnan, N.$d<1956- > 700 1 $aKotz, Samuel$eauthor$4http://id.loc.gov/vocabulary/relators/aut$012052 907 $a.b10757272$b23-02-17$c28-06-02 912 $a991000787479707536 945 $aLE013 60E JOH12 V.II (1995)$cV. 2$g1$i2013000058955$lle013$o-$pE0.00$q-$rl$s- $t0$u1$v1$w1$x0$y.i10851719$z28-06-02 945 $aLE013 60E JOH12 V.I (1994)$cV. 1$g1$i2013000067926$lle013$o-$pE0.00$q-$rl$s- $t0$u0$v0$w0$x0$y.i10851720$z28-06-02 945 $aLE025 ECO 519.2 JOH01.01 $cV. 1$g1$i2025000123519$lle025$o-$pE0.00$q-$rl$s- $t0$u0$v0$w0$x0$y.i14556261$z19-09-07 945 $aLE025 ECO 519.2 JOH01.01 $cV. 2$g1$i2025000210295$lle025$o-$pE0.00$q-$rl$s- $t0$u0$v0$w0$x0$y.i14554227$z17-09-07 996 $aContinuous univariate distributions$946827 997 $aUNISALENTO 998 $ale013$ale025$b01-01-97$cm$da $e-$feng$gus $h0$i2